000 00881nam a2200265 i 4500
001 105810
003 ES-MaACL
005 20250824073604.0
007 t|
008 060830s1958 sp ||||1| spa d
080 _a821.134.2-31"19"
100 1 _aValle-Inclán, Ramón del,
_d1866-1936
_9112796
245 1 0 _aBaza de espadas /
_cRamón del Valle-Inclán.
250 _a1ª ed.
260 _aBarcelona :
_bAHR,
_c[1958]
300 _a276 p. ;
_c19 cm.
490 1 _aEl ruedo ibérico. Primera serie ;
_v3
500 _aBiblioteca Juan Andrade.
530 _aDisponible en formato digital.
830 0 3 _aEl Ruedo Ibérico.
_pPrimera serie
_v3
_9227238
852 _aES-MaACL
_jAND-625
_bR.109923
852 _aES-MaACL
_jC-14446
856 _uhttp://bdh-rd.bne.es/viewer.vm?id=0000200793&page=1
_zBiblioteca Digital Hispánica
999 _c105810
_d105810